Paramore - This Is Why Lyrics - Statistics

General Stats
  • This quiz has been taken 51 times
  • The average score is 212 of 244
Answer Stats
Answer % Correct
I
100%
you
100%
a
97%
house
97%
is
97%
leave
97%
the
97%
This
97%
why
97%
why?
97%
don't
95%
If
95%
it
95%
It
95%
an
92%
me
92%
Oh,
92%
oh,
92%
opinion
92%
say
92%
your
92%
have
89%
maybe
89%
out
89%
should
89%
to
89%
(to
89%
won't
89%
yourself
89%
yourself)
89%
be
86%
but
86%
clear
86%
or
86%
shove
86%
we
86%
catch
84%
coast
84%
keep
84%
might
81%
Might
81%
scream
81%
could
78%
best
76%
can
76%
of
76%
as
73%
beyond
73%
door
73%
fall
73%
free
73%
One
73%
step
73%
well
73%
been
68%
passion
68%
survival
68%
crimes
65%
conviction
62%
fittest
62%
like
62%
and
59%
Better
59%
'cause
59%
no,
59%
cannonball
57%
i'm
57%
you're
57%
endless
54%
Falling
54%
down
51%
with
46%
floating
43%
us
43%
either
35%
want
30%
hall
27%
No matching quizzes found
Score Distribution
Percent of People with Each Score
Percentile by Number Answered
Your Score History
You have not taken this quiz